| 000 | 00516nam a22001937a 4500 | ||
|---|---|---|---|
| 003 | PILC | ||
| 005 | 20160129110553.0 | ||
| 008 | 130912t xxu||||| |||| 00| 0 eng d | ||
| 020 | _a0373730624 | ||
| 050 |
_aPN 6071 _b.V819 1980 |
||
| 082 |
_aFIC _bV81v 1980 |
||
| 100 |
_aVirmonne, Claudette _918574 |
||
| 245 |
_aThe venetian portrait _cClaudette Virmonne |
||
| 260 |
_aToronto : _bMystique Books, _cc1980. |
||
| 300 |
_a190 p. : _c18 cm. |
||
| 650 |
_aFiction. _9746 |
||
| 942 |
_2lcc _cBK |
||
| 999 |
_c10998 _d10998 |
||